Study on project of technical rules of forest exploitation in timbert -yard2, sub-zonei of colexim forest concession (សិក្សាគំរោងបែបបទបច្ចេកទេសអាជីវកម្មព្រៃគុបឆ្នំាទី២អនុតំបន់ Iនៃព្រៃសម្បទានសហគ្រាសកូឡិចសីុម)​ (Record no. 3036)

000 -LEADER
fixed length control field 00739nam a22001577a 4500
003 - CONTROL NUMBER IDENTIFIER
control field OSt
005 - DATE AND TIME OF LATEST TRANSACTION
control field 20151103104716.0
008 - FIXED-LENGTH DATA ELEMENTS--GENERAL INFORMATION
fixed length control field 151103b xxu||||| |||| 00| 0 eng d
040 ## - CATALOGING SOURCE
Transcribing agency RUA
082 ## - DEWEY DECIMAL CLASSIFICATION NUMBER
Classification number FOR KEN 1996 B122 Or.1
100 ## - MAIN ENTRY--PERSONAL NAME
9 (RLIN) 3252
Personal name KEN, PHAN.
245 ## - TITLE STATEMENT
Title Study on project of technical rules of forest exploitation in timbert -yard2, sub-zonei of colexim forest concession (សិក្សាគំរោងបែបបទបច្ចេកទេសអាជីវកម្មព្រៃគុបឆ្នំាទី២អនុតំបន់ Iនៃព្រៃសម្បទានសហគ្រាសកូឡិចសីុម)​
260 ## - PUBLICATION, DISTRIBUTION, ETC. (IMPRINT)
Place of publication, distribution, etc. Phnom Penh
Name of publisher, distributor, etc. RUA
Date of publication, distribution, etc. 1996
300 ## - PHYSICAL DESCRIPTION
Extent 70p.
Other physical details ill.
Dimensions 29cm.
942 ## - ADDED ENTRY ELEMENTS (KOHA)
Source of classification or shelving scheme
Koha item type FOR
Holdings
Price effective from Date last seen Permanent Location Not for loan Date acquired Source of classification or shelving scheme Koha item type Barcode Lost status Damaged status Shelving location Withdrawn status Current Location Full call number
2015-11-032015-11-03Library Block B 2015-11-03 FORRUA010707  B122 Library Block BFOR KEN 1996 B122 Or.1
2015-11-032015-11-03Library Block B 2015-11-03 FORRUA010635  B122 Library Block BFOR KEN 1996 B122 Or.2
2015-11-032015-11-03Library Block B 2015-11-03 FORRUA010710  B122 Library Block BFOR KEN 1996 B122 Or.3
2015-11-032015-11-03Library Block B 2015-11-03 FORRUA010636  B122 Library Block BFOR KEN 1996 B122 Or.4
មជ្ឈមណ្ឌលឯការនៃសាកលវិទ្យាល័យភូមិន្ទកសិកម្មចំការដូង

Powered by Koha